000 00438pab a2200169 454500
008 180718b2006 xxu||||| |||| 00| 0 eng d
100 _aShukla, Archana
245 _aThe Uttar Pradesh Lokayukta: efficient redressal of citizen grievances
260 _c2006
300 _ap.147-50.
362 _aJan-Mar
650 _aOmbudsman - Uttar Pradesh
650 _aOmbudsman
700 _aSrinivasan
773 _aVikalpa
909 _a70291
999 _c70291
_d70291